|
|
|
|
| LEADER |
00000nab a2200000 a 4500 |
| 001 |
vtls000898933 |
| 003 |
SK-MaSNL |
| 005 |
20260426063337.0 |
| 008 |
040720e19981106xo 0 slo |
| 035 |
|
|
|a KE7939
|
| 040 |
|
|
|a KEVKJB
|b slo
|c KEVKJB
|e AACR2
|
| 041 |
0 |
|
|a slo
|
| 044 |
|
|
|a xo
|c SK
|
| 080 |
|
|
|a 336.12
|2 1981
|
| 100 |
1 |
|
|a Božinovská, Andrea
|4 aut
|9 873401
|
| 245 |
1 |
0 |
|a Šetríme na doprave, preplácame čistotu
|b Porovnanie hospodárenia Košíc s hlavným mestom Bratislavou
|
| 650 |
0 |
7 |
|a hospodárenie miest
|2 KEVKJB
|9 837824
|
| 650 |
0 |
7 |
|a údaje porovnávacie
|2 KEVKJB
|9 1129280
|
| 650 |
0 |
7 |
|a informácie
|2 KEVKJB
|9 1285
|
| 651 |
|
7 |
|a Košice (Slovensko)
|2 KEVKJB
|9 18694
|
| 651 |
|
7 |
|a Bratislava (Slovensko)
|2 KEVKJB
|9 14568
|
| 651 |
|
7 |
|a Košice (Slovensko)
|2 KEVKJB
|9 18694
|
| 651 |
|
7 |
|a KE,
|2 KEVKJB
|9 877256
|
| 655 |
|
7 |
|a periodikum
|2 snkbucl
|9 29553
|
| 773 |
0 |
8 |
|t Košický večer
|g Roč. 9
|g Roč. 30, č.214, 6.11.1998, s. 3
|
| 852 |
|
|
|a ZVYKNI
|b KIS3GCP
|
| 999 |
|
|
|c 2555035
|d 2556965
|